Cooperative equilibria in physical biochemistry (Record no. 32006)

MARC details
000 -LEADER
fixed length control field 00398nam a2200145Ia 4500
082 ## - DEWEY DECIMAL CLASSIFICATION NUMBER
Classification number 577.1
Item number POL
100 ## - MAIN ENTRY--AUTHOR NAME
Personal name POLAND, D
245 #0 - TITLE STATEMENT
Title Cooperative equilibria in physical biochemistry
260 ## - PUBLICATION, DISTRIBUTION, ETC. (IMPRINT)
Place of publication Oxford
Name of publisher Clarendon Press
Year of publication 1978
490 ## - SERIES STATEMENT
Series statement Monographs on physical biochemistry
650 ## - SUBJECT ADDED ENTRY--TOPICAL TERM
Topical Term Biochemistry
650 ## - SUBJECT ADDED ENTRY--TOPICAL TERM
Topical Term Biopolymer
942 ## - ADDED ENTRY ELEMENTS (KOHA)
Koha item type Books
Holdings
Withdrawn status Lost status Damaged status Not for loan Home library Current library Date acquired Full call number Accession Number Koha item type
        RRII Library RRII Library 16/12/2021 577.1 POL 12532 Books